Statistics for The Whole Being Dead Thing - lyrics

Click here to take the quiz!

General Stats

  • This quiz has been taken 2 times
  • The average score is 318 of 321

Answer Stats

HintAnswer% Correct
a
100%
about
100%
ain't it tragic
100%
alive
100%
all
100%
and
100%
and on a certain date
100%
apart
100%
art
100%
a ton of coke here
100%
barge
100%
bathroom
100%
be
100%
begging
100%
being
100%
blah blah bible jesus magic
100%
body
100%
brutal
100%
bullet-proof
100%
bullshit
100%
but
100%
but it's hardly something new
100%
but there's a giant snake here
100%
can
100%
Beetlejuice:cause were all on a hit list
100%
cellphone
100%
'cept maybe just bill you
100%
choke to death on triscuts
100%
comes
100%
convention
100%
conversation
100%
cradle
100%
cremation
100%
damocles
100%
dead
100%
death
100%
die
100%
Funeral Reception:Dies Irae
100%
disclosure
100%
do
100%
dont
100%
doomed
100%
drink
100%
eight
100%
enjoy
100%
every
100%
everybody
100%
face
100%
fifty-dollar
100%
filled with people that you hate
100%
fine
100%
folks
100%
for
100%
freaked
100%
from
100%
full
100%
get
100%
gets
100%
gives
100%
god
100%
gonna
100%
gosh it's awful
100%
guide
100%
hammerstein
100%
hart
100%
has
100%
have
100%
hear
100%
here
100%
hey
100%
BeetlejuiceHey Folks
100%
hope
100%
how
100%
how you doin'
100%
I
100%
I eat clean
100%
if
100%
Beetlejuice:if you die while listening to this album
100%
ill
100%
ill kill you myself
100%
in
100%
is
100%
it
100%
its
100%
its kinda like a wake here
100%
it's still gonna keep playing
100%
I work out
100%
Jesus pass the dramamine
100%
joke
100%
just
100%
just a terrifying wait
100%
just pee where you want
100%
lets
100%
life
100%
like
100%
line
100%
little
100%
love
100%
make
100%
makes
100%
mastered
100%
me
100%
might not live till christmas
100%
namaste you freakin' posers
100%
needs
100%
next
100%
no
100%
nobody
100%
no more yoga
100%
no pilates
100%
now
100%
of
100%
oh not good
100%
on
100%
one
100%
other
100%
out
100%
pardon
100%
person
100%
pit
100%
ready
100%
relax
100%
ringing
100%
rodgers
100%
'scuse
100%
seats
100%
seriously
100%
shit
100%
show
100%
side
100%
singing
100%
skip
100%
so
100%
sorry
100%
so take a little break here
100%
start
100%
statistics
100%
stay
100%
stressed
100%
swinging
100%
sword
100%
taboo
100%
take
100%
tearing
100%
tears
100%
thank you
100%
that
100%
Beetlejuice:that's
100%
the
100%
Funeral Reception:there's no destiny or fate
100%
the scenery is fake here
100%
the universe kills you
100%
the whole
100%
thing
100%
this
100%
though
100%
time
100%
times
100%
to
100%
toss
100%
truth
100%
we
100%
week
100%
Funeral Reception:welcome to a show about death
100%
what
100%
when
100%
who
100%
whole
100%
wine
100%
with
100%
yeah I know you're woke
100%
you
100%
you know
100%
you'll
100%
your
100%
you're
100%
youre
100%
you're all gonna die
100%
breathe
50%
now were never gonna see him
50%
we should've carpe'd way more diem's
50%
womans
50%
theres nothin' medical professionals could do
0%

Score Distribution

Percentile by Number Answered

Percent of People with Each Score

Your Score History

You have not taken this quiz